00593nam a22002057a 450000500170000001000130001702000220003003500130005203700160006504000120008108200160009324500690010926000400017827000140021830000260023250000510025865000320030965000240034170000220036520170124110004.0 aA-043024 c00.00a0471630608 aA-043024 bCen Lib/Ret aDPLbEN a330.18bNAY aComputer simulation techniques /cby Thomas H. Naylor...[et al.] aNew York bJohn Wiley & Sons c1966 bNew York  axiii, 352p.c22cm(Hb) aIncludes bibliographical references and index  aDigital computer simulation aComputer simulation aNaylor, Thomas H.